000 00287nam a22001097a 4500
082 _a621.381537 HUF'L
100 _aHUFFMAN, D. A
_966300
245 _aLINEAR SEQUENTIAL SWITCHING CIRCUITS, SELETED TECHNICAL PAPERS
260 _aLONDON
_bHOLDEN DAY
_c1965
300 _a234P
942 _cBK
999 _c574281
_d574281